000 00611nam a2200229Ia 4500
003 OSt
005 20220928113936.0
006 a|||||r|||| 00| 0
007 ta
008 220927b |||||||| |||| 00| 0 eng d
024 _a58501
037 _cTextual
040 _aSDCL
_cSDCL
_beng
041 _2eng
_aeng
082 _aY48.2, K9
100 _aNayar P K B
_9435990
245 0 _aLeadership bureaucracy and planning in India
260 _aNew Delhi
_bAssociated Publishing
_c1969
300 _aviii,176p
_ccm.
942 _hY48.2, K9
_cTEXL
_2CC
999 _c752118
_d752118